000 00823nam a2200265 a 4500
003 DO-SdBNP
005 20220610100350.0
007 ta
008 220609e2021 dr a|||er|||| 001 0 spa d
020 _a9789945627640
040 _aDO-SdBNP
_bspa
_cBNPHU
082 4 _222
_bA347s
245 1 0 _aSímbolos y enigmas:
_bajedrez del mundo espiritual. /
_cPedro Alcántara, Prólogo, Vargas; Jochy Díaz
260 _aSanto Domingo :
_bSantuario,
_c2021
300 _a187 p. :
_bil. ;
_c23 cm.
500 _aLa biblioteca posee en v.1
504 _aBibliografía: p. 187
590 _aInventariado 2022 / MF
650 4 _952992
_aSímbolos Religiosos
650 4 _944577
_aCuriosidades
_xEnigamas
650 4 _933929
_aMisterios Religiosos
700 1 _aDíaz, Jochy
_epról.
_981832
910 _aMFeliz
942 _2ddc
_cLBS1
999 _c51998
_d51998